Bragança no século XVIII (Registo nº 22226)

Detalhes MARC
000 -Etiqueta do registo
Valores 00619nam a22001571i 4500
090 ## -
-- 22226
100 ## - Dados gerais de processamento
Dados gerais 20170304u u u0frey50 ba
101 0# - Língua de publicação
-- por
200 1# - Titulo e menção de responsabilidade
Primeira menção de responsabilidade Luís Alexandre Rodrigues
Título próprio Bragança no século XVIII
Informação de outro título urbanismo. arquitectura
215 ## - Descrição física 
Paginação / Volumes 2 vol. ([LVII], 1260 p.)
Dimensões 30 cm
210 ## - Publicação
Nome do editor Junta de Freguesia da Sé
Local de publicação Bragança
Data de publicação 1997
700 #1 - Autor principal (pessoa individual)
Apelido Rodrigues
Nome Luís Alexandre
-- 070
996 ## - ISO2709
-- 0032265
-- ROD I
-- 00000000
-- 00000000
-- BMVAAL
-- 3
-- Alcáçovas
-- Urbanismo
-- 76
-- Livro
-- 0
-- 1
996 ## - ISO2709
-- 0032266
-- ROD II
-- 00000000
-- 00000000
-- BMVAAL
-- 3
-- Alcáçovas
-- Urbanismo
-- 76
-- Livro
-- 0
-- 1
990 ## - Elementos KOHA
Tipo de documento Livro
Exemplares
Situação do levantamento Estado Biblioteca de origem Biblioteca de empréstimo Localização na Estante Código de barras Cota Permissão de empréstimo Tipo de documento Nota relativa ao exemplar
  Completo Biblioteca Municipal de Viana Do Alentejo Pólo Alcáçovas Biblioteca Municipal de Viana Do Alentejo Pólo Alcáçovas Depósito 0027886 ROD I Disponível Livro cx. 127 vnt
  Completo Biblioteca Municipal de Viana Do Alentejo Pólo Alcáçovas Biblioteca Municipal de Viana Do Alentejo Pólo Alcáçovas Depósito 0027878 ROD II Disponível Livro cx. 127 vnt




Powered by Koha